Integrácia mládeže do pracovného procesu Informácie o výsledkoch prieskumu

Saved in:
Bibliographic Details
Main Author: Kostolná, Zuzana
Format: Book
Language:Slovak
Published: Bratislava Výskumný ústav práce a sociálnych vecí 1991
Edition:1. vyd.
Tags: Add Tag
No Tags, Be the first to tag this record!

MARC

LEADER 00000nam a2200000 4500
001 c035884
005 20221214093833.0
041 0 |a slo 
044 |a SK 
245 1 0 |a Integrácia mládeže do pracovného procesu  |b Informácie o výsledkoch prieskumu  |c Zuzana Kostolná 
250 |a 1. vyd. 
264 1 |a Bratislava  |b Výskumný ústav práce a sociálnych vecí  |c 1991 
300 |a 21 s. 
100 1 |a Kostolná, Zuzana